Back over the mountains : (Record no. 4446)

MARC details
000 -LEADER
fixed length control field 00618nam a2200181 4500
001 - CONTROL NUMBER
control field 5300
005 - DATE AND TIME OF LATEST TRANSACTION
control field 20181127175203.0
020 00 - INTERNATIONAL STANDARD BOOK NUMBER
International Standard Book Number 9789384544362
090 00 - LOCALLY ASSIGNED LC-TYPE CALL NUMBER (OCLC); LOCAL CALL NUMBER (RLIN)
Classification number (OCLC) (R) ; Classification number, CALL (RLIN) (NR) 915.15045 M3671b 2015
100 00 - MAIN ENTRY--PERSONAL NAME
Personal name Marshall, Jane.
245 00 - TITLE STATEMENT
Title Back over the mountains :
Remainder of title a journey to the buddha within /
Statement of responsibility, etc. Jane Marshall.
Medium
250 00 - EDITION STATEMENT
Edition statement 1st ed.
260 00 - PUBLICATION, DISTRIBUTION, ETC.
Place of publication, distribution, etc. New Delhi :
Name of publisher, distributor, etc. Hay House Publishers,
Date of publication, distribution, etc. 2015.
300 00 - PHYSICAL DESCRIPTION
Extent 300 p. ; 25 cm.
650 00 - SUBJECT ADDED ENTRY--TOPICAL TERM
Topical term or geographic name entry element Dhamchöe, Kushok Lobsang.
General subdivision
Topical term or geographic name entry element Marshall, Jane -- (Traveler) -- Travel -- China -- Tibet Autonomous Region
General subdivision
Topical term or geographic name entry element Marshall, Jane -- (Traveler) -- Travel -- Nepal.
General subdivision
Holdings
Withdrawn status Lost status Source of classification or shelving scheme Damaged status Not for loan Collection code Home library Current library Shelving location Serial Enumeration / chronology Inventory number Total Checkouts Full call number Barcode Date last seen Date last checked out Price effective from Koha item type
    Dewey Decimal Classification     Main TEST RTC Library RTC Library Main opac 8596 1 915.15 MAR 30008929 02/11/2020 19/10/2020 27/11/2018 Main
Royal Thimphu College || All Right Reserved